Геохимия элементов в зоне гипергенеза

Bibliographic Details
Main Author: Перельман А. И. Александр Ильич
Language:Russian
Published: Москва, Недра, 1972
Subjects:
Format: Book
KOHA link:https://koha.lib.tpu.ru/cgi-bin/koha/opac-detail.pl?biblionumber=41382

MARC

LEADER 00000nam0a2200000 4500
001 41382
005 20231031013901.0
035 |a (RuTPU)RU\TPU\book\42484 
090 |a 41382 
100 |a 20020617d1972 k y0rusy50 ca 
101 0 |a rus 
102 |a RU 
105 |a a z 001zy 
200 1 |a Геохимия элементов в зоне гипергенеза  |f А. И. Перельман 
210 |a Москва  |c Недра  |d 1972 
215 |a 288 с.  |c ил. 
320 |a Библиогр.: с. 280-287. 
610 1 |a геохимия 
610 1 |a гипергенез 
610 1 |a гидрогеохимия 
675 |a 550.4  |v 3 
700 1 |a Перельман  |b А. И.  |g Александр Ильич 
801 1 |a RU  |b 63413507  |c 20020617  |g PSBO 
801 2 |a RU  |b 63413507  |c 20031003  |g PSBO 
801 2 |a RU  |b 63413507  |c 20090323  |g PSBO 
900 |a Гидрогеохимия зоны гипергенеза 
942 |c BK